Công tác truyền thông tổ chức tại trung tâm thương mại Đà Nẵng Square /
Cơ so li luan ve truyen thong to chưc.
Đã lưu trong:
| Príomhúdar: | |
|---|---|
| Údair Eile: | |
| Formáid: | Luận văn |
| Teanga: | Vietnamese |
| Foilsithe: |
ĐHĐN-Trương ĐH ngoai ngữ,
2012.
|
| Ábhair: | |
| Clibeanna: |
Cuir Clib Leis
Gan Chlibeanna, Bí ar an gcéad duine leis an taifead seo a chlibeáil!
|
| Thư viện lưu trữ: | Mạng thư viện Đại học Đà Nẵng |
|---|
| LEADER | 01711na a2200373 4500 | ||
|---|---|---|---|
| 001 | 000030779 | ||
| 003 | 4497 | ||
| 005 | 20230406093043.0 | ||
| 008 | 151001s2012 000 vie | ||
| 040 | |a LNN | ||
| 041 | |a vie | ||
| 082 | |a 958.7302 |b NG-N | ||
| 100 | |a Nguyễn Thị Hồng Nhung | ||
| 245 | 0 | |a Công tác truyền thông tổ chức tại trung tâm thương mại Đà Nẵng Square / |c Nguyễn Thị Hồng Nhung. | |
| 246 | |a Luan văn tot nghiep | ||
| 260 | |b ĐHĐN-Trương ĐH ngoai ngữ, |c 2012. | ||
| 300 | |a 30cm : |b 56 tr;. | ||
| 502 | |a Luan văn sinh vien | ||
| 505 | |a Chuyen nghanh Quoc te hoc | ||
| 520 | |a Cơ so li luan ve truyen thong to chưc. |x Cach thưc thưc hien cong tac truyen thong tai TT thương mai Đa nang SQUAGE. |y Mot so giai phap nham hoan thien nang cao hieu qua cong tac truyen thong to chưc tai TT thương mai Đa nang SQUAGE. | ||
| 650 | |a Truyen thong |b Trung tam thương mai Đa nang SQUARE | ||
| 653 | |a Công tác truyền thông tổ chức tại trung tâm thương mại Đà Nẵng Square , thương mại, truyền thông, đà nẵng, Nguyễn Thị Hồng Nhung, 2012 | ||
| 700 | |a TS.Le Đưc Tien |b huong dan | ||
| 852 | |b Luan văn tot nghiep |c SV Khoa Quoc te hoc | ||
| OWN | |a LNN | ||
| AVA | |a UDN50 |b LNN |d 958.7302 NG-N |e available |t Error 5001 Not defined in file expand_doc_bib_avail. |f 2 |g 0 |h N |i 0 | ||
| 999 | |a From the UDN01 | ||
| AVA | |a UDN50 |b LNN |d 958.7302 NG-N |e available |t Error 5001 Not defined in file expand_doc_bib_avail. |f 2 |g 0 |h N |i 0 | ||
| TYP | |a Dissertation | ||
| TYP | |a Printed language | ||
| 980 | |a Mạng thư viện Đại học Đà Nẵng | ||